[Event "Solingen-ch 2015"]
[Site "Solingen"]
[Date "2015.10.23"]
[Round "4.1"]
[White "Kesseler, Heiko"]
[Black "Görke, Joachim"]
[Result "1/2-1/2"]
[WhiteElo "2012"]
[BlackElo "2105"]
[PlyCount "67"]
[EventDate "2015.??.??"]
[WhiteTeam "Elberfelder SG"]
[BlackTeam "SG Solingen"]

1. e4 c6 2. d4 d5 3. f3 g6 4. Nc3 Bg7 5. Be3 Nf6 6. e5 Nfd7 7. h4 c5 8. f4 cxd4
9. Qxd4 Nb6 10. O-O-O Bg4 11. Nf3 Nc6 12. Qd2 e6 13. Bc5 a6 14. Qf2 Nd7 15. Bd6
Qb6 16. Qxb6 Nxb6 17. Be2 h5 18. Rhe1 Rc8 19. Bc5 Nd7 20. Bd6 Bxf3 21. Bxf3 Bf8
22. Bxf8 Kxf8 23. Ne2 b5 24. Nd4 Nb6 25. a3 Nxd4 26. Rxd4 Ke7 27. Re3 Rc6 28.
c3 Rhc8 29. Be2 Kf8 30. Rg3 R8c7 31. Kc2 Ke7 32. Bd3 Rc8 33. Be2 R8c7 34. Bd3
1/2-1/2

[Event "Solingen-ch 2015"]
[Site "Solingen"]
[Date "2015.10.14"]
[Round "4.2"]
[White "Kniest, Oliver"]
[Black "Zolfagharian, Kevin"]
[Result "1-0"]
[WhiteElo "2291"]
[BlackElo "2110"]
[PlyCount "59"]
[EventDate "2015.??.??"]
[WhiteTeam "SG Solingen"]
[BlackTeam "SG Solingen"]

1. d4 d5 2. c4 c6 3. Nf3 Nf6 4. Nbd2 Bf5 5. Nh4 Be6 6. e3 g5 7. Nhf3 g4 8. Ne5
h5 9. b3 Nbd7 10. Nxd7 Qxd7 11. Bd3 Bg7 12. Qc2 Rd8 13. Bb2 O-O 14. c5 Qc7 15.
O-O-O b6 16. h3 bxc5 17. hxg4 c4 18. bxc4 dxc4 19. Nxc4 Bxg4 20. f3 Be6 21. g4
Bxc4 22. Bxc4 hxg4 23. Rdg1 Rfe8 24. fxg4 Nd5 25. Rf1 Qg3 26. Qh7+ Kf8 27. Qg6
Qxe3+ 28. Kc2 Nb4+ 29. Kb1 Qe1+ 30. Bc1 1-0

[Event "Solingen-ch 2015"]
[Site "Solingen"]
[Date "2015.10.23"]
[Round "4.3"]
[White "Flesch, Dr. Stefan"]
[Black "Lemanczyk, Thomas"]
[Result "0-1"]
[WhiteElo "2073"]
[BlackElo "2224"]
[PlyCount "90"]
[EventDate "2015.??.??"]
[WhiteTeam "SG Solingen"]
[BlackTeam "SG Solingen"]

1. d4 Nf6 2. c4 e6 3. Nc3 Bb4 4. Bd2 O-O 5. e3 b6 6. Nf3 Bb7 7. Be2 d6 8. O-O
Nbd7 9. Rc1 Bxc3 10. Bxc3 Ne4 11. Nd2 f5 12. f4 Qe7 13. Nxe4 Bxe4 14. b4 Nf6
15. Be1 c5 16. Bf3 Rac8 17. Qb3 Bxf3 18. Rxf3 Ne4 19. Bc3 d5 20. dxc5 dxc4 21.
Qxc4 bxc5 22. b5 Rfd8 23. Rff1 Rd5 24. Ba5 Qd7 25. a4 Qd6 26. Rfe1 h6 27. Rb1
Rb8 28. Bc3 Rb7 29. a5 Kh7 30. Rb2 Qd8 31. g3 Kh8 32. Kg2 Rd3 33. Be5 Qxa5 34.
Ree2 Rd5 35. Ra2 Qd8 36. Ra6 Qd7 37. Rc6 Kh7 38. g4 Rd2 39. gxf5 exf5 40. Kh3
Qe8 41. Rxd2 Qh5+ 42. Kg2 Nxd2 43. Qd3 Qg4+ 44. Kf2 Ne4+ 45. Ke1 Qg1+ 0-1

[Event "Solingen-ch 2015"]
[Site "Solingen"]
[Date "2015.10.23"]
[Round "4.4"]
[White "Borchert, Stephan"]
[Black "Schockenbäumer, Dirk"]
[Result "0-1"]
[WhiteElo "1850"]
[BlackElo "2161"]
[PlyCount "84"]
[EventDate "2015.??.??"]
[WhiteTeam "SG Solingen"]
[BlackTeam "SG Solingen"]

1. e4 e5 2. Nf3 Nc6 3. d4 exd4 4. Nxd4 Nf6 5. Nxc6 bxc6 6. e5 Qe7 7. Qe2 Nd5 8.
c4 Ba6 9. b3 O-O-O 10. Bb2 f6 11. Qd2 Nb6 12. c5 Bxf1 13. cxb6 Bxg2 14. Rg1 Bd5
15. bxa7 Kb7 16. Rg4 Ra8 17. Ra4 Rxa7 18. Rxa7+ Kxa7 19. Qe3+ Kb7 20. Nc3 Qxe5
21. Qxe5 fxe5 22. Nxd5 cxd5 23. Bxe5 Bb4+ 24. Kf1 Rg8 25. Rd1 c6 26. Rd3 g6 27.
Rh3 Re8 28. f4 Re7 29. Bf6 Rf7 30. Bg5 Bd6 31. Ke2 c5 32. Kd3 Kc6 33. a4 Bxf4
34. Bxf4 Rxf4 35. Rxh7 c4+ 36. bxc4 dxc4+ 37. Ke3 Rf5 38. Rg7 Rg5 39. Rg8 Kc5
40. Rb8 Re5+ 41. Kd2 Rh5 42. Rb5+ Kd4 0-1

[Event "Solingen-ch 2015"]
[Site "Solingen"]
[Date "2015.10.23"]
[Round "4.6"]
[White "Ferger, Jürgen"]
[Black "Ehringfeld, Michael"]
[Result "1-0"]
[WhiteElo "1915"]
[BlackElo "1553"]
[PlyCount "31"]
[EventDate "2015.??.??"]
[WhiteTeam "SG Solingen"]
[BlackTeam "SG Solingen"]

1. d4 c5 2. d5 d6 3. e4 Nf6 4. Nc3 e5 5. dxe6 Bxe6 6. Nf3 Nbd7 7. Bf4 Qb6 8.
Qd2 Be7 9. O-O-O Ne5 10. Bb5+ Nfd7 11. Bxe5 O-O 12. Bxd7 dxe5 13. Bxe6 Qxe6 14.
Kb1 Qg4 15. Qd7 Bf6 16. Qxg4 1-0

[Event "Solingen-ch 2015"]
[Site "Solingen"]
[Date "2015.10.23"]
[Round "4.7"]
[White "Speck, Stefan"]
[Black "Fränzel, Dr. Marius"]
[Result "1/2-1/2"]
[WhiteElo "1995"]
[BlackElo "1803"]
[PlyCount "86"]
[EventDate "2015.??.??"]
[WhiteTeam "SC Solingen 28"]
[BlackTeam "SG Solingen"]

1. e4 e5 2. d4 exd4 3. Qxd4 Nc6 4. Qe3 Bb4+ 5. Nc3 Nf6 6. Bd2 Qe7 7. O-O-O d6
8. Qg3 Be6 9. Nge2 O-O-O 10. f3 h6 11. a3 Bc5 12. Na4 Nh5 13. Qe1 d5 14. Nxc5
Qxc5 15. exd5 Rxd5 16. Nc3 Re5 17. Qh4 Rd8 18. f4 Rd4 19. g4 Nxf4 20. Qg3 g5
21. h4 Bxg4 22. hxg5 Ng6 23. Bh3 h5 24. Rhf1 Qe7 25. Rde1 Rxd2 26. Kxd2 Qxg5+
27. Re3 Qxe3+ 28. Qxe3 Rxe3 29. Bxg4+ hxg4 30. Kxe3 Nge5 31. Ne4 Kd7 32. Kf4
Ke7 33. Nc5 b6 34. Nd3 Ke6 35. Rg1 f6 36. b4 a6 37. Rb1 b5 38. Nc5+ Ke7 39.
Nxa6 Nd4 40. Nxc7 Ne2+ 41. Kf5 Nd4+ 42. Kf4 Ne2+ 43. Kf5 Nd4+ 1/2-1/2

[Event "Solingen-ch 2015"]
[Site "Solingen"]
[Date "2015.10.23"]
[Round "4.8"]
[White "Skiber, Friedel"]
[Black "Pentz, Jörg"]
[Result "0-1"]
[WhiteElo "1730"]
[BlackElo "1985"]
[PlyCount "78"]
[EventDate "2015.??.??"]
[WhiteTeam "SG Solingen"]
[BlackTeam "SG Solingen"]

1. e4 c6 2. Nc3 d5 3. f4 dxe4 4. Nxe4 Nd7 5. Nf3 Ngf6 6. Qe2 Nxe4 7. Qxe4 Nf6
8. Qe3 e6 9. Ne5 Qd5 10. c4 Qa5 11. a3 Bc5 12. Qg3 O-O 13. Nd3 Bd4 14. b4 Qf5
15. Ra2 a5 16. Bb2 Bxb2 17. Rxb2 axb4 18. Nxb4 Nh5 19. Qf3 Nxf4 20. Be2 Qe5 21.
Ra2 Ra5 22. d3 Nxe2 23. Qxe2 Qc3+ 24. Qd2 Qxd2+ 25. Kxd2 Bd7 26. Kc3 Rfa8 27.
Nc2 c5 28. Rb1 Bc6 29. g3 f6 30. d4 cxd4+ 31. Kxd4 e5+ 32. Ke3 Kf7 33. Rb3 b5
34. Rc3 Ra4 35. cxb5 Re4+ 36. Kd3 Rd8+ 37. Nd4 Rdxd4+ 38. Kc2 Re2+ 39. Kb3 Bd5+
0-1

[Event "Solingen-ch 2015"]
[Site "Solingen"]
[Date "2015.10.23"]
[Round "4.9"]
[White "Mentzel, Markus"]
[Black "Barche, Uwe"]
[Result "1-0"]
[WhiteElo "1950"]
[BlackElo "1412"]
[PlyCount "71"]
[EventDate "2015.??.??"]
[WhiteTeam "SG Solingen"]
[BlackTeam "SG Solingen"]

1. Nf3 Nf6 2. d4 e6 3. c4 d5 4. Nc3 Be7 5. Bf4 c6 6. e3 Nbd7 7. Bd3 h6 8. O-O
O-O 9. c5 Re8 10. h3 b6 11. b4 bxc5 12. bxc5 Qa5 13. Qc2 Ba6 14. Bxa6 Qxa6 15.
Rfb1 Qc8 16. Rb2 Bd8 17. Qa4 Bc7 18. Qxc6 Bxf4 19. Qxc8 Rexc8 20. exf4 g6 21.
Rab1 a6 22. Ne5 Rc7 23. Na4 Kg7 24. Kf1 Nxe5 25. fxe5 Nd7 26. Nb6 Raa7 27. Nxd7
Rxd7 28. Rb6 g5 29. R1b3 Rdc7 30. a4 Kg6 31. g4 Kg7 32. a5 Kg6 33. Ke2 h5 34.
Rd6 h4 35. Rbb6 Rcb7 36. Kd2 1-0

[Event "Solingen-ch 2015"]
[Site "Solingen"]
[Date "2015.10.23"]
[Round "4.10"]
[White "Rebischke, Florian"]
[Black "Alexopoulos, Dr. Spiros"]
[Result "0-1"]
[WhiteElo "1617"]
[BlackElo "1931"]
[PlyCount "55"]
[EventDate "2015.??.??"]
[WhiteTeam "Godesberger SK"]
[BlackTeam "Aachener SV"]

1. c4 Nf6 2. d4 c5 3. d5 e5 4. dxe6 fxe6 5. g3 Be7 6. Bg2 O-O 7. Nf3 Nc6 8. O-O
d5 9. cxd5 exd5 10. Na3 Bf5 11. Nh4 Be6 12. Nf3 Qd7 13. Bf4 a6 14. Ne5 Nxe5 15.
Bxe5 Rad8 16. Nc2 Ng4 17. Bc3 d4 18. Ba5 Rc8 19. b4 Bf6 20. Ne1 c4 21. a4 d3
22. exd3 Bxa1 23. Qxa1 cxd3 24. Bb6 d2 25. Nf3 Bb3 26. Nxd2 Qxd2 27. Bc5 Rxc5
28. bxc5 0-1

[Event "Solingen-ch 2015"]
[Site "Solingen"]
[Date "2015.10.23"]
[Round "4.11"]
[White "Bashylina, Luisa"]
[Black "Nguyen, Gia Huy Philipp"]
[Result "0-1"]
[WhiteElo "1127"]
[BlackElo "1858"]
[PlyCount "66"]
[EventDate "2015.??.??"]
[WhiteTeam "SG Solingen"]
[BlackTeam "SG Solingen"]

1. e4 c5 2. Nf3 d6 3. d4 cxd4 4. Nxd4 Nf6 5. Nc3 a6 6. Be3 e5 7. Nb3 Be7 8. f3
Be6 9. Qd2 O-O 10. O-O-O Nbd7 11. h4 b5 12. g4 Nb6 13. h5 b4 14. Nb1 a5 15. g5
Ne8 16. g6 a4 17. gxf7+ Rxf7 18. Na1 Rxf3 19. Bxb6 Qxb6 20. Qe2 Rf2 21. Qe1 b3
22. axb3 axb3 23. Nxb3 Bxb3 24. cxb3 Bg5+ 25. Nd2 Bxd2+ 26. Rxd2 Ra1+ 27. Kc2
Rxe1 28. Bc4+ Kf8 29. Rxe1 Rxd2+ 30. Kxd2 Qd4+ 31. Kc1 Nf6 32. Kb1 Ke7 33. Ka2
Nxe4 0-1

[Event "Solingen-ch 2015"]
[Site "Solingen"]
[Date "2015.10.23"]
[Round "4.12"]
[White "Littek, Oliver"]
[Black "Brinkmann, Katharina"]
[Result "1/2-1/2"]
[WhiteElo "1137"]
[BlackElo "1763"]
[PlyCount "59"]
[EventDate "2015.??.??"]
[WhiteTeam "SG Solingen"]
[BlackTeam "SV Grünfeld"]

1. e4 e6 2. Nc3 d5 3. Bb5+ Bd7 4. Bxd7+ Qxd7 5. d3 Bb4 6. Bd2 Ne7 7. Nf3 Nbc6
8. O-O O-O 9. a3 Bd6 10. b4 a6 11. Re1 d4 12. e5 Bxb4 13. axb4 dxc3 14. Bxc3
Nd5 15. Bd2 Ncxb4 16. Rb1 c5 17. Rb2 Nc6 18. c4 Ndb4 19. Be3 Nxd3 20. Rd2 Rfd8
21. Ree2 Ncb4 22. Ne1 b6 23. Nxd3 Nxd3 24. Bg5 Rdc8 25. Rxd3 Qe8 26. h3 h6 27.
Bf4 Qe7 28. Rb2 Qb7 29. Rdb3 Qe4 30. Bh2 1/2-1/2

[Event "Solingen-ch 2015"]
[Site "Solingen"]
[Date "2015.10.23"]
[Round "4.13"]
[White "Falge, Rainer"]
[Black "Vranidis, Athanassios"]
[Result "1/2-1/2"]
[WhiteElo "1748"]
[BlackElo "1942"]
[PlyCount "55"]
[EventDate "2015.??.??"]
[WhiteTeam "SG Solingen"]
[BlackTeam "SG Solingen"]

1. e4 c5 2. Nc3 d6 3. f4 Nc6 4. Nf3 Nf6 5. Bc4 e6 6. d3 g6 7. O-O Bg7 8. e5
dxe5 9. fxe5 Ng4 10. Bg5 Qd7 11. Ne4 Ncxe5 12. h3 f5 13. Bb5 Nc6 14. Nxc5 Bd4+
15. Kh1 Bxc5 16. hxg4 O-O 17. Bh6 Re8 18. gxf5 gxf5 19. d4 Bf8 20. Ne5 Qc7 21.
Bf4 Bd6 22. Bxc6 bxc6 23. Qf3 Ba6 24. Rf2 c5 25. Qg3+ Qg7 26. Qxg7+ Kxg7 27.
dxc5 Bxc5 28. Rd2 1/2-1/2

[Event "Solingen-ch 2015"]
[Site "Solingen"]
[Date "2015.10.23"]
[Round "4.14"]
[White "Schubert, Stefan"]
[Black "Boschek, Dr. Hans-Joachim"]
[Result "1/2-1/2"]
[WhiteElo "1133"]
[BlackElo "1910"]
[PlyCount "82"]
[EventDate "2015.??.??"]
[WhiteTeam "SG Solingen"]
[BlackTeam "SG Solingen"]

1. a4 Nf6 2. Nf3 g6 3. d4 Bg7 4. e3 d6 5. Be2 O-O 6. c4 Na6 7. Nc3 c5 8. d5 Nc7
9. O-O e6 10. Rb1 exd5 11. Nxd5 Ncxd5 12. cxd5 Bf5 13. Ra1 Ne4 14. Bc4 a6 15.
Ra3 Bg4 16. h3 Bd7 17. Nd2 Nf6 18. Qe2 Re8 19. Nb1 Nh5 20. Nc3 f5 21. Qf3 Qh4
22. Bd3 Re7 23. e4 Bxc3 24. exf5 Bd4 25. fxg6 Rf8 26. gxh7+ Kg7 27. h8=Q+ Rxh8
28. Rb3 Rf7 29. Qe2 Re8 30. Be3 Nf4 31. Qd2 Bxa4 32. Bxd4+ cxd4 33. Rb4 Nxd3
34. Rxa4 Ne5 35. f4 Ng6 36. Qxd4+ Kh7 37. Qd2 Rfe7 38. Rd4 Re2 39. f5 Rxd2 40.
fxg6+ Kxg6 41. Rxh4 Rxd5 1/2-1/2

[Event "Solingen-ch 2015"]
[Site "Solingen"]
[Date "2015.10.23"]
[Round "4.15"]
[White "Kaiser, Stephan"]
[Black "Sherif, Malik"]
[Result "0-1"]
[WhiteElo "1889"]
[BlackElo "1761"]
[PlyCount "90"]
[EventDate "2015.??.??"]
[WhiteTeam "SG Solingen"]
[BlackTeam "SG Solingen"]

1. d4 d5 2. c4 c6 3. Nc3 Nf6 4. Bf4 e6 5. e3 Nbd7 6. Nf3 Be7 7. Bd3 dxc4 8.
Bxc4 b5 9. Bd3 a6 10. O-O Bb7 11. Rc1 Rc8 12. h3 c5 13. dxc5 Nxc5 14. Bc2 Qxd1
15. Rfxd1 O-O 16. a3 Rfd8 17. Ne5 Rxd1+ 18. Rxd1 Rd8 19. f3 Rxd1+ 20. Bxd1 Nd5
21. Nxd5 Bxd5 22. b4 f6 23. Ng4 Nd3 24. Bc7 Nb2 25. Bc2 Nc4 26. e4 Bb7 27. Bb3
Nxa3 28. Bxe6+ Kf8 29. e5 Bxb4 30. exf6 Bc5+ 31. Kf1 gxf6 32. Bf5 Kg7 33. Ke2
Nc4 34. Kd3 h5 35. Nh2 Ne3 36. g4 Nxf5 37. gxf5 Bg1 38. Nf1 Bxf3 39. Nd2 Bg2
40. h4 Bf2 41. Nb3 Bf1+ 42. Ke4 Bxh4 43. Bb6 Be1 44. Nc5 b4 45. Ba5 h4 0-1

[Event "Solingen-ch 2015"]
[Site "Solingen"]
[Date "2015.10.23"]
[Round "4.16"]
[White "Meyer zu Kniendorf, Jochen"]
[Black "Möller, Laura"]
[Result "1-0"]
[WhiteElo "1670"]
[BlackElo "1736"]
[PlyCount "67"]
[EventDate "2015.??.??"]
[WhiteTeam "Düsseldorfer SK"]
[BlackTeam "SG Solingen"]

1. c4 c5 2. g3 Nc6 3. Bg2 Nf6 4. Nc3 e5 5. e4 Be7 6. Nge2 d6 7. d3 O-O 8. h3
Be6 9. Nd5 Nd4 10. Nxe7+ Qxe7 11. Nxd4 cxd4 12. O-O Qd7 13. Kh2 h6 14. f4 Rac8
15. f5 Bxc4 16. dxc4 Rxc4 17. b3 Rc7 18. Bb2 Rfc8 19. Rf2 b5 20. Qd3 a5 21. Re1
d5 22. exd5 Nxd5 23. Rxe5 Nc3 24. a3 f6 25. Re1 b4 26. a4 Qd6 27. Rd2 Rd8 28.
Bf3 Re7 29. Rxe7 Qxe7 30. Qc4+ Kf8 31. Rxd4 Na2 32. Rxd8+ Qxd8 33. Bd4 Qe8 34.
Bc5+ 1-0

[Event "Solingen-ch 2015"]
[Site "Solingen"]
[Date "2015.10.23"]
[Round "4.17"]
[White "Johann, Hans Werner"]
[Black "Bauer, Matthias"]
[Result "1/2-1/2"]
[WhiteElo "1332"]
[BlackElo "1693"]
[PlyCount "82"]
[EventDate "2015.??.??"]
[WhiteTeam "TV Witzhelden"]
[BlackTeam "SV Günnigfeld"]

1. d4 f5 2. c4 c6 3. Nf3 e6 4. a3 d5 5. e3 Nf6 6. h3 Bd6 7. b4 O-O 8. Bb2 Bd7
9. Nc3 Ne4 10. Nxe4 fxe4 11. Ne5 Qf6 12. Qd2 Be8 13. c5 Bc7 14. g4 Nd7 15. Nxd7
Bxd7 16. Bg2 e5 17. Rf1 exd4 18. Bxd4 Be5 19. O-O-O Bxd4 20. exd4 Qf4 21. Qxf4
Rxf4 22. Kd2 Raf8 23. Ke3 h5 24. f3 exf3 25. Rxf3 Rxf3+ 26. Bxf3 Re8+ 27. Kd2
hxg4 28. hxg4 g5 29. Rh1 Kg7 30. a4 Rf8 31. Ke3 Be8 32. a5 a6 33. Rh2 Bg6 34.
Rf2 Re8+ 35. Kd2 Be4 36. Bd1 Bb1 37. Re2 Re4 38. Rxe4 Bxe4 39. Ke3 Kf6 40. Be2
Bg6 41. Bd1 Be8 1/2-1/2

[Event "Solingen-ch 2015"]
[Site "Solingen"]
[Date "2015.10.23"]
[Round "4.18"]
[White "Fodor, Bernhard"]
[Black "Mix, Lothar"]
[Result "0-1"]
[WhiteElo "1381"]
[BlackElo "1241"]
[PlyCount "51"]
[EventDate "2015.??.??"]
[WhiteTeam "SG Solingen"]
[BlackTeam "SG Solingen"]

1. g3 d5 2. d4 Nf6 3. Bg2 Nc6 4. Nc3 e6 5. a3 Be7 6. Bd2 Nxd4 7. Bh6 Nf5 8. Bf4
Bd7 9. e4 dxe4 10. Bxe4 Nxe4 11. Nxe4 Bc6 12. f3 Nd6 13. Qe2 O-O 14. Rd1 Qe8
15. Nh3 Bb5 16. Nxd6 Bxe2 17. Nxe8 Bxd1 18. Kxd1 Raxe8 19. Bxc7 Rc8 20. Ba5 b6
21. Bc3 Rfd8+ 22. Bd2 h6 23. Nf2 f5 24. Nd3 Bf6 25. f4 Rd6 26. Nb4 0-1

[Event "Solingen-ch 2015"]
[Site "Solingen"]
[Date "2015.10.23"]
[Round "4.19"]
[White "Wolf, Wieland"]
[Black "Schubert, Florian"]
[Result "0-1"]
[WhiteElo "1374"]
[BlackElo "1137"]
[PlyCount "84"]
[EventDate "2015.??.??"]
[WhiteTeam "SG Solingen"]
[BlackTeam "SG Solingen"]

1. e4 e5 2. Nf3 Nc6 3. Bb5 a6 4. Ba4 Nf6 5. O-O Bc5 6. Bxc6 dxc6 7. d3 O-O 8.
h3 Re8 9. Bg5 Be6 10. Nxe5 Bd4 11. Nxc6 bxc6 12. c3 Bc5 13. e5 Qd5 14. d4 Ne4
15. Be3 Be7 16. Nd2 Nxd2 17. Qxd2 Qe4 18. Rfe1 Bh4 19. Bg5 Bxg5 20. Qxg5 Qg6
21. Qxg6 hxg6 22. f4 Rab8 23. b3 Kh7 24. Rad1 Kh6 25. g4 Re7 26. Rd2 Rbe8 27.
Red1 Bd7 28. c4 f6 29. Kf2 g5 30. fxg5+ fxg5 31. Re1 Rf8+ 32. Kg3 Ree8 33. d5
Rd8 34. Rde2 Rde8 35. e6 Bc8 36. e7 Rf7 37. dxc6 Kg6 38. a4 a5 39. Re5 Kf6 40.
Rxa5 Rfxe7 41. Rxe7 Rxe7 42. Rf5+ Bxf5 0-1

[Event "Solingen-ch 2015"]
[Site "Solingen"]
[Date "2015.11.06"]
[Round "5.1"]
[White "Görke, Joachim"]
[Black "Kniest, Oliver"]
[Result "1/2-1/2"]
[WhiteElo "2105"]
[BlackElo "2291"]
[PlyCount "66"]
[EventDate "2015.??.??"]
[WhiteTeam "SG Solingen"]
[BlackTeam "SG Solingen"]

1. e4 e6 2. d4 d5 3. Nc3 Bb4 4. e5 c5 5. a3 Bxc3+ 6. bxc3 Ne7 7. Qg4 Kf8 8.
dxc5 Nd7 9. f4 Qa5 10. Bd2 Qa4 11. Bd3 Nxe5 12. Qe2 Nxd3+ 13. cxd3 Bd7 14. Nf3
f6 15. O-O Kf7 16. Rab1 Qa6 17. c4 dxc4 18. dxc4 Qc6 19. Kh1 Nf5 20. Bc3 Rhe8
21. Nd4 Nxd4 22. Bxd4 Kg8 23. Qb2 Rab8 24. Rbe1 Re7 25. Rf3 Be8 26. Rg3 e5 27.
fxe5 Bg6 28. Rf1 fxe5 29. Bxe5 Rbe8 30. Bd6 Re1 31. Qf2 Rxf1+ 32. Qxf1 Qe4 33.
h3 Qe1 1/2-1/2

[Event "Solingen-ch 2015"]
[Site "Solingen"]
[Date "2015.11.06"]
[Round "5.2"]
[White "Lemanczyk, Thomas"]
[Black "Kesseler, Heiko"]
[Result "1-0"]
[WhiteElo "2224"]
[BlackElo "2012"]
[PlyCount "69"]
[EventDate "2015.??.??"]
[WhiteTeam "SG Solingen"]
[BlackTeam "Elberfelder SG"]

1. Nf3 c5 2. c4 Nc6 3. Nc3 Nf6 4. e3 d5 5. cxd5 Nxd5 6. d4 cxd4 7. exd4 e6 8.
a3 Qa5 9. Bd2 Be7 10. Bc4 Qd8 11. Rc1 O-O 12. Ba2 Bf6 13. Be3 Qd7 14. Bb1 Nxc3
15. bxc3 b6 16. Qd3 g6 17. O-O Ne7 18. Bg5 Bxg5 19. Nxg5 Qd5 20. Qg3 Nf5 21.
Qh3 h6 22. Be4 Qd6 23. Nf3 Ba6 24. Rfe1 Rae8 25. g4 Qf4 26. gxf5 gxf5 27. Bc6
Kh7 28. Bxe8 Rg8+ 29. Kh1 Bb7 30. Re3 Rxe8 31. Qg3 Qg5 32. Qxg5 hxg5 33. Kg1 f4
34. Rd3 Be4 35. Nxg5+ 1-0

[Event "Solingen-ch 2015"]
[Site "Solingen"]
[Date "2015.11.06"]
[Round "5.3"]
[White "Schockenbäumer, Dirk"]
[Black "Peschel, Andreas"]
[Result "1/2-1/2"]
[WhiteElo "2161"]
[BlackElo "2165"]
[PlyCount "53"]
[EventDate "2015.??.??"]
[WhiteTeam "SG Solingen"]
[BlackTeam "SG Solingen"]

1. e4 e6 2. d4 d5 3. Nc3 Bb4 4. Nge2 dxe4 5. a3 Be7 6. Nxe4 Nf6 7. Qd3 Nbd7 8.
Bf4 Nxe4 9. Qxe4 Nf6 10. Qf3 O-O 11. O-O-O Qd5 12. Bxc7 Qa2 13. Nc3 Qa1+ 14.
Kd2 Qxb2 15. Rb1 Qxa3 16. Rb3 Qa1 17. g3 Nd5 18. Bc4 Bg5+ 19. Kd3 Bc1 20. Bd6
Rd8 21. Ba3 Nxc3 22. Rxc3 Qxc3+ 23. Kxc3 Bxa3 24. Qh5 Be7 25. Kd3 Bf6 26. c3
Bd7 27. Rc1 1/2-1/2

[Event "Solingen-ch 2015"]
[Site "Solingen"]
[Date "2015.11.06"]
[Round "5.4"]
[White "Zolfagharian, Kevin"]
[Black "Ferger, Jürgen"]
[Result "1-0"]
[WhiteElo "2110"]
[BlackElo "1915"]
[PlyCount "41"]
[EventDate "2015.??.??"]
[WhiteTeam "SG Solingen"]
[BlackTeam "SG Solingen"]

1. e4 d6 2. d4 Nf6 3. Nc3 g6 4. Nf3 Bg7 5. Be3 O-O 6. Qd2 Re8 7. O-O-O a6 8. h4
Bg4 9. Bh6 Bh8 10. Qf4 Bxf3 11. Qxf3 Qd7 12. Be2 Nc6 13. h5 e5 14. hxg6 hxg6
15. Bg5 Nh7 16. Rxh7 Kxh7 17. Nd5 f6 18. Rh1+ Kg8 19. Bc4 Re6 20. Nxf6+ Bxf6
21. Qxf6 1-0

[Event "Solingen-ch 2015"]
[Site "Solingen"]
[Date "2015.11.06"]
[Round "5.5"]
[White "Nguyen, Gia Huy Philipp"]
[Black "Flesch, Dr. Stefan"]
[Result "0-1"]
[WhiteElo "1858"]
[BlackElo "2073"]
[PlyCount "98"]
[EventDate "2015.??.??"]
[WhiteTeam "SG Solingen"]
[BlackTeam "SG Solingen"]

1. e4 g6 2. d4 Bg7 3. Nc3 d6 4. Nf3 e6 5. Be2 Ne7 6. O-O a6 7. Bg5 h6 8. Bh4
Nd7 9. Re1 b6 10. Qd2 Bb7 11. a4 O-O 12. e5 d5 13. Nd1 c5 14. c3 Qe8 15. Ne3
Nf5 16. Ng4 Nxh4 17. Nxh4 Qe7 18. Nf3 h5 19. Ne3 Kh7 20. Bd3 Bh6 21. Qe2 Kg7
22. b3 Rfc8 23. Rad1 cxd4 24. cxd4 Qb4 25. Rb1 Nb8 26. Nc2 Qc3 27. h4 Nc6 28.
Red1 Nb4 29. Nxb4 Qxb4 30. Ng5 Rc3 31. Qf3 Qe7 32. Rdc1 Rac8 33. Rxc3 Rxc3 34.
Qe2 Bxg5 35. hxg5 Qxg5 36. Bxa6 Bxa6 37. Qxa6 Rc1+ 38. Rxc1 Qxc1+ 39. Qf1 Qc2
40. Qe1 Qxb3 41. f4 Qxa4 42. Qh4 Qxd4+ 43. Kh2 Qb4 44. Qf6+ Kg8 45. Qd8+ Kh7
46. g3 b5 47. Qe8 Kg7 48. Qd8 Qf8 49. Qf6+ Kg8 0-1

[Event "Solingen-ch 2015"]
[Site "Solingen"]
[Date "2015.11.06"]
[Round "5.6"]
[White "Pentz, Jörg"]
[Black "Mentzel, Markus"]
[Result "1/2-1/2"]
[WhiteElo "1985"]
[BlackElo "1950"]
[PlyCount "35"]
[EventDate "2015.??.??"]
[WhiteTeam "SG Solingen"]
[BlackTeam "SG Solingen"]

1. e4 Nf6 2. e5 Nd5 3. d4 d6 4. c4 Nb6 5. exd6 exd6 6. Nc3 Nc6 7. Be3 Be7 8.
Be2 O-O 9. a4 Nb4 10. a5 Nd7 11. Bf3 c6 12. Nge2 Nf6 13. Ng3 d5 14. c5 Na6 15.
O-O Nc7 16. b4 a6 17. Qd3 Bg4 18. Bxg4 1/2-1/2

[Event "Solingen-ch 2015"]
[Site "Solingen"]
[Date "2015.11.06"]
[Round "5.7"]
[White "Alexopoulos, Dr. Spiros"]
[Black "Borchert, Stephan"]
[Result "1-0"]
[WhiteElo "1931"]
[BlackElo "1850"]
[PlyCount "133"]
[EventDate "2015.??.??"]
[WhiteTeam "Aachener SV"]
[BlackTeam "SG Solingen"]

1. c4 Nf6 2. g3 e5 3. Bg2 Bc5 4. e3 Nc6 5. Ne2 d5 6. cxd5 Nxd5 7. Nbc3 Nde7 8.
O-O O-O 9. Na4 Bd6 10. d4 Bg4 11. d5 Nb4 12. e4 a5 13. a3 Na6 14. Be3 b5 15.
Nac3 Qb8 16. f3 Bd7 17. f4 b4 18. Nb1 c5 19. Nd2 a4 20. Nc4 Bb5 21. Nxd6 Qxd6
22. fxe5 Qxe5 23. Qd2 Ng6 24. Rf5 Qb8 25. Raf1 Ne5 26. Bf4 Nc4 27. Qc1 Qb6 28.
Rf2 f6 29. Rh5 Be8 30. Rh4 Na5 31. Bh3 Nb3 32. Qf1 Bg6 33. Be6+ Bf7 34. Bf5 g6
35. Qh3 h5 36. Bh6 bxa3 37. bxa3 gxf5 38. Rxf5 c4+ 39. Kg2 Bg6 40. Nf4 Qe3 41.
Nxg6 Qxh6 42. Ne7+ Kf7 43. Rhxh5 Qe3 44. Rh7+ Ke8 45. Nc6 Qxe4+ 46. Kg1 Qe1+
47. Qf1 Qxf1+ 48. Rxf1 Rf7 49. Re1+ Kf8 50. Rh8+ Kg7 51. Rxa8 Nac5 52. Ree8 Kg6
53. Ne7+ Rxe7 54. Rxe7 c3 55. Re3 c2 56. Rc3 c1=Q+ 57. Rxc1 Nxc1 58. Rc8 N1b3
59. g4 Kg5 60. d6 Nd7 61. Rg8+ Kf4 62. h4 Nd4 63. h5 Nf3+ 64. Kf2 Ng5 65. Rg7
Nf8 66. d7 Nge6 67. h6 1-0

[Event "Solingen-ch 2015"]
[Site "Solingen"]
[Date "2015.11.06"]
[Round "5.9"]
[White "Fränzel, Dr. Marius"]
[Black "Meyer zu Kniendorf, Jochen"]
[Result "1-0"]
[WhiteElo "1803"]
[BlackElo "1670"]
[PlyCount "67"]
[EventDate "2015.??.??"]
[WhiteTeam "SG Solingen"]
[BlackTeam "Düsseldorfer SK"]

1. e4 g6 2. d4 Bg7 3. Nf3 d6 4. h3 Nd7 5. Nc3 a6 6. a4 c5 7. Be3 b6 8. Be2 Ngf6
9. O-O O-O 10. e5 dxe5 11. dxe5 Ne8 12. Bc4 Nc7 13. Bf4 Bb7 14. Re1 Ne6 15. Bg3
Re8 16. Qd3 Ndf8 17. Nd5 Bxd5 18. Bxd5 Ra7 19. Rad1 Qc8 20. Qe4 Rd8 21. c4 Rad7
22. b3 b5 23. axb5 axb5 24. Ra1 Nd4 25. Ra8 Qc7 26. e6 Rd6 27. exf7+ Kh8 28.
Nxd4 Bxd4 29. Be5+ Rf6 30. Bxc7 Bxf2+ 31. Kh1 Bxe1 32. Rxd8 Rf1+ 33. Kh2 Kg7
34. Be5+ 1-0

[Event "Solingen-ch 2015"]
[Site "Solingen"]
[Date "2015.11.06"]
[Round "5.10"]
[White "Meckel, Helmut"]
[Black "Littek, Oliver"]
[Result "1-0"]
[WhiteElo "1772"]
[BlackElo "1137"]
[PlyCount "37"]
[EventDate "2015.??.??"]
[WhiteTeam "SG Solingen"]
[BlackTeam "SG Solingen"]

1. e4 e5 2. f4 Nc6 3. Nf3 d6 4. c3 a6 5. d4 exd4 6. Bc4 Be6 7. Bxe6 fxe6 8.
cxd4 Qd7 9. Be3 O-O-O 10. Nc3 g6 11. Rc1 Bg7 12. Na4 Kb8 13. O-O e5 14. fxe5
dxe5 15. d5 Na7 16. Nc5 Qd6 17. Qb3 b5 18. Nxa6+ Qxa6 19. Rxc7 1-0